000 00525nam a2200193Ia 4500
003 OSt
005 20251219152819.0
008 220923b |||||||| |||| 00| 0 ori d
037 _cTB
040 _aARTS
_cARTS
_bORI
041 _2ORI
_aORI
084 _aO1591,1:g(P) K7.1
_qAL
100 _aBrahma Gaur Kumar
_9214453
245 0 _aOriya kavitara chhanda
260 _c1967
650 _aORIYA LITERATURE
_927692
942 _hO1591,1:8(P), K7.1
_cTB
_2CC
_n0
999 _c452665
_d452665